000 00303nam a22001457a 4500
008 221208b ||||| |||| 00| 0 eng d
020 _a9780321567994
041 _aeng
080 _a51
082 _a51ROC
100 _a20.1
101 _aMATE
245 _aPREALGEBRA
_cROCKSWOLD
942 _2udc
_cBK
999 _c59134
_d59134